| 000 | 00570nam a2200241 a 4500 | ||
|---|---|---|---|
| 001 | nice12345678 | ||
| 003 | IN_TiNIC | ||
| 005 | 20260116011456.0 | ||
| 008 | 050524s1925 lona grp 000 0 eng | ||
| 020 |
_a _c100 |
||
| 082 | 0 | 0 |
_a297.09 _bVAL |
| 100 | _aValyi, Felix | ||
| 245 | _aRevolutions in Islam | ||
| 260 |
_aLondon _bKegna Paul Trench and Company _c1925 |
||
| 300 | _a236p | ||
| 500 | _aincludes index and biblioraphy | ||
| 505 | 2 | _aIndex | |
| 650 | _aIslam-History | ||
| 700 | 1 | _aValyi, Felix | |
| 902 | _bSRS | ||
| 942 | _cBK | ||
| 999 |
_c1872 _d1872 |
||